Literature - European | 14 | 12 | 0 | 0 | 330 | 34 | 64.62 | 4 | 6 |
Literature - American | 12 | 10 | 0 | 0 | 280 | 43 | 78.18 | 0 | 0 |
Literature - British | 10 | 10 | 0 | 0 | 250 | 33 | 77.90 | 0 | 4 |
Literature - World and Miscellaneous | 4 | 8 | 0 | 0 | 140 | 41 | 79.50 | 0 | 2 |
RMP - World Mythology | 4 | 6 | 0 | 0 | 120 | 57 | 73.00 | 2 | 4 |
RMP - Philosophy | 2 | 8 | 0 | 0 | 110 | 30 | 69.60 | 2 | 6 |
History - American | 2 | 4 | 0 | 0 | 70 | 14 | 81.67 | 2 | 2 |
Other - Other Academic and General Knowledge | 4 | 0 | 0 | 0 | 60 | 47 | 47.50 | 0 | 4 |
History - Cross, Historiography, and Miscellaneous | 2 | 2 | 0 | 0 | 50 | 54 | 61.00 | 0 | 0 |
History - World | 0 | 4 | 0 | 0 | 40 | 60 | 63.00 | 0 | 0 |
Science - Math | 2 | 0 | 0 | 0 | 30 | 80 | 80.00 | 0 | 0 |
Social Science - Other | 2 | 0 | 0 | 0 | 30 | 65 | 65.00 | 0 | 2 |
Fine Arts - Painting | 2 | 0 | 0 | 0 | 30 | 48 | 48.00 | 0 | 0 |
RMP - Greco-Roman Mythology | 2 | 0 | 0 | 0 | 30 | 66 | 66.00 | 0 | 0 |
History - European | 0 | 2 | 0 | 0 | 20 | 99 | 99.00 | 0 | 0 |
Fine Arts - Music | 0 | 2 | 0 | 0 | 20 | 86 | 86.00 | 0 | 0 |
Science - Chemistry | 0 | 2 | 0 | 0 | 20 | 65 | 65.00 | 0 | 0 |
Science - Physics | 0 | 2 | 0 | 0 | 20 | 99 | 99.00 | 0 | 0 |
Social Science - Sociology | 0 | 0 | 0 | 0 | 0 | | 0.00 | 0 | 0 |
Science - Biology | 0 | 0 | 0 | 0 | 0 | | 0.00 | 0 | 0 |
Current Events - U.S. | 0 | 0 | 0 | 0 | 0 | | 0.00 | 0 | 0 |